Uncrewed Vessels and International Law /

This policy-oriented jurisprudence presents the latest research findings on legal challenges faced by the international regulatory framework, as posed by the increasing deployment of uncrewed vessels at sea. It is the first publication that offe

محفوظ في:

مؤلفون آخرون: Huang, Yau (المحرر), Xing, Lijuan (المحرر), Zhang, Haiwen (المحرر)

التنسيق: كتاب الكتروني

اللغة: English

منشور في: Leiden ; Boston : Brill | Nijhoff, 2024.

سلاسل: International Law E-Books Online, Collection 2024.
Maritime Cooperation in East Asia ; 14.

الموضوعات:

الوصول للمادة أونلاين: Login to view Source

الوسوم: إضافة وسم

لا توجد وسوم, كن أول من يضع وسما على هذه التسجيلة!

رقم الطلب: K4176.A98

LEADER 02222nam a22005418i 4500
001 BRILL9789004706279
003 nllekb
005 20240807140136.0
006 m d
007 cr un uuuua
008 240705s2024 gw sb 001 0 eng d
020 |a 9789004706279  |q (electronic book) 
020 |z 9789004706262  |q (print) 
024 7 |a 10.1163/9789004706279  |2 DOI 
035 |z (OCoLC)1433282683 
040 |a NL-LeKB  |c NL-LeKB  |e rda 
041 |a eng 
050 4 |a K4176.A98 
072 7 |a LAW  |x 051000  |2 bisacsh 
072 7 |a LAW  |x 066000  |2 bisacsh 
072 7 |a LBBK  |2 bicssc 
082 0 4 |a 343.09/62  |2 23 
245 1 0 |a Uncrewed Vessels and International Law /  |c edited by Haiwen Zhang, Yau Huang, Lijuan Xing. 
264 1 |a Leiden ;  |a Boston :  |b Brill | Nijhoff,  |c 2024. 
264 4 |c ©2024 
300 |a 1 online resource (332 pages) :  |b illustrations. 
336 |a text  |b txt  |2 rdacontent 
337 |a computer  |b c  |2 rdamedia 
338 |a online resource  |2 rdacarrier 
490 1 |a International Law E-Books Online, Collection 2024 
490 1 |a Maritime Cooperation in East Asia ;  |v 14 
504 |a Includes bibliographical references and index. 
520 |a This policy-oriented jurisprudence presents the latest research findings on legal challenges faced by the international regulatory framework, as posed by the increasing deployment of uncrewed vessels at sea. It is the first publication that offe 
546 |a English 
588 |a Description based on print version record. 
650 0 |a Automatic pilot (Ships) 
650 0 |a Shipbuilding industry  |x Technological innovations  |x Law and legislation. 
650 0 |a Ships  |x Automation. 
650 0 |a War, Maritime (International law) 
700 1 |a Huang, Yau,  |e editor. 
700 1 |a Xing, Lijuan,  |e editor. 
700 1 |a Zhang, Haiwen,  |e editor. 
776 0 8 |i Print version:  |t Uncrewed Vessels and International Law :   |d Leiden ; Boston : Brill | Nijhoff, 2024.  |z 9789004706262  |w (DLC) 2024017864 
830 0 |a International Law E-Books Online, Collection 2024. 
830 0 |a Maritime Cooperation in East Asia ;  |v 14. 
856 4 |z DOI:   |u http://dx.doi.org/10.1163/9789004706279 
942 |2 lcc  |c EBOOK 
999 |c 59192  |d 59192